| 000 | 00901cam a22002773a 4500 | ||
|---|---|---|---|
| 001 | 38222 | ||
| 003 | PGUSA | ||
| 005 | 20140828083837.0 | ||
| 008 | 111204s2011||||xxu|||||s|||||000 1 eng d | ||
| 040 |
_aPGUSA _beng |
||
| 042 | _adc | ||
| 050 | 4 | _aPZ | |
| 100 | 1 |
_aWesterman, Percy F. _q(Percy Francis), _d1876-1959 |
|
| 245 | 1 | 4 |
_aThe Quest of the 'Golden Hope' : _bA Seventeenth Century Story of Adventure _h[electronic resource] / _cPercy F. Westerman |
| 260 |
_bProject Gutenberg, _c2011 |
||
| 506 | _aPublic domain in the USA. | ||
| 516 | _aElectronic text | ||
| 653 | _aSea stories | ||
| 653 | _aPirates -- Juvenile fiction | ||
| 653 | _aGreat Britain -- History -- James II, 1685-1688 -- Juvenile fiction | ||
| 653 | _aAdventure stories | ||
| 700 | 1 |
_aWiles, Frank, _d1881-1963 |
|
| 830 | 0 |
_aProject Gutenberg _v38222 |
|
| 856 | 4 | 0 | _uhttp://www.gutenberg.org/ebooks/38222 |
| 942 | _cEB | ||
| 999 |
_c267476 _d267476 |
||